| 000 | 00335nam a2200133Ia 4500 | ||
|---|---|---|---|
| 999 |
_c10821 _d10821 |
||
| 008 | 191201s2011 xx 000 0 und d | ||
| 082 |
_a823.5 _bGOV |
||
| 100 | _aGOLDSMITH, Oliver | ||
| 245 | 0 | _aThe Vicar of Wakefield | |
| 260 |
_aNew Delhi _bPeacock Books _c2020 |
||
| 300 | _a143 | ||
| 650 | _aBA Hons English | ||
| 942 |
_2ddc _cBK _052 |
||